Southville International School and Colleges
Your cart is empty.
  • Cart
  • Lists
    Public lists Eva Luna New books Lux_list list_1
    Your lists Log in to create your own lists
  • Log in to your account
  • Your cookies
  • Search history
Southville International School and Colleges
  • Advanced search
  • Recent comments
  • Most popular
  • Libraries

Log in to your account

Log in with GOOGLE


If you do not have an external account, but do have a local account, you can still log in:

  1. Home
  2. MARC view: Philippine culture & tourism geography
Normal view MARC view ISBD view

Philippine culture & tourism geography (Record no. 365231)

[ view plain ]
MARC details
000 -LEADER
fixed length control field 00597nam a22001937a 4500
003 - CONTROL NUMBER IDENTIFIER
control field 0
005 - DATE AND TIME OF LATEST TRANSACTION
control field 20230830142507.0
008 - FIXED-LENGTH DATA ELEMENTS--GENERAL INFORMATION
fixed length control field 230830b xxu||||| |||| 00| 0 eng d
020 ## - INTERNATIONAL STANDARD BOOK NUMBER
International Standard Book Number 978-621-4181-89-6
050 ## - LIBRARY OF CONGRESS CALL NUMBER
Classification number G 155.7
Item number Os86 2021
100 ## - MAIN ENTRY--PERSONAL NAME
Personal name Osorno, Rene D.
245 ## - TITLE STATEMENT
Title Philippine culture & tourism geography
Statement of responsibility, etc Rene D. Osorno
260 ## - PUBLICATION, DISTRIBUTION, ETC. (IMPRINT)
Place of publication, distribution, etc Quezon City
Name of publisher, distributor, etc Wiseman's Books Trading, Inc.
Date of publication, distribution, etc c2021.
300 ## - PHYSICAL DESCRIPTION
Extent iv, 254 pages :
Other physical details ill. ;
Dimensions 25 cm.
500 ## - GENERAL NOTE
General note Philippine culture.
504 ## - BIBLIOGRAPHY, ETC. NOTE
Bibliography, etc Includes bibliographical references.
650 ## - SUBJECT ADDED ENTRY--TOPICAL TERM
Topical term or geographic name as entry element Philippine culture.
942 ## - ADDED ENTRY ELEMENTS (KOHA)
Source of classification or shelving scheme Library of Congress Classification
Koha item type Books
Holdings
Withdrawn status Lost status Source of classification or shelving scheme Damaged status Home library Current library Shelving location Date acquired Source of acquisition Sub Shelving location Total Checkouts Full call number Barcode Date last seen Price effective from Koha item type
    Library of Congress Classification   College Library College Library Filipiniana Section 08/30/2023 Library Fund     G 155.7 Os86 2021 C22939 08/30/2023 08/30/2023 Books

Philippine culture & tourism geography

APA

Osorno R. D., . (2021). Philippine culture & tourism geography. Quezon City: Wiseman's Books Trading, Inc.

Chicago

Osorno Rene D, . 2021. Philippine culture & tourism geography. Quezon City: Wiseman's Books Trading, Inc.

Harvard

Osorno R. D., . (2021). Philippine culture & tourism geography. Quezon City: Wiseman's Books Trading, Inc.

MLA

Osorno Rene D, . Philippine culture & tourism geography. Quezon City: Wiseman's Books Trading, Inc. 2021.

  • Place hold
  • Print
  • Cite
  • Add to your cart (remove)
  • Save record
    BIBTEX Dublin Core MARCXML MARC (non-Unicode/MARC-8) MARC (Unicode/UTF-8) MARC (Unicode/UTF-8, Standard) MODS (XML) RIS
  • More searches
    Search for this title in:
    Other Libraries (WorldCat) Other Databases (Google Scholar) Online Stores (Bookfinder.com) Open Library (openlibrary.org)

Exporting to Dublin Core...

SOUTHVILLE LIBRARY

Southville International School and Colleges Library

1281 Tropical Ave. Cor. Luxembourg St., BF Homes International, Las Pinas City

Tel. No. 8256374 / 252358 Loc. 117/146

Powered by Koha